Normal view
MARC view
- Water
Entry Topical Term
001 - CONTROL NUMBER
- control field: 6213
003 - CONTROL NUMBER IDENTIFIER
- control field: NUST
005 - DATE AND TIME OF LATEST TRANSACTION
- control field: 20171109094117.0
008 - FIXED-LENGTH DATA ELEMENTS
- fixed length control field: 171109|| aca||aabn | a|a d
040 ## - CATALOGING SOURCE
- Original cataloging agency: NUST
- Transcribing agency: NUST
150 ## - HEADING--TOPICAL TERM
- Topical term or geographic name entry element: Water
- General subdivision: Distribution.
670 ## - SOURCE DATA FOUND
- Source citation: Work cat.: (NUST)0: Swamee, Prabhata K. (Prabhata Kumar), 1940- 6211, Design of water supply pipe networks /, c2008.
